Bergey's manual of determinative bacteriology /

Guardado en:
Otros Autores: Bergey, D. H. 1860-1937., Buchanan, Robert Earle, 1883- (Editor , ed.), Gibbons, Norman Edwin, 1906- (Editor , ed.)
Formato: Libro
Idioma:English
Publicado: Baltimore : Williams & Wilkins Co., c1974.
Edición:8th ed.
Materias:
Etiquetas: Agregar Etiqueta
Sin Etiquetas, Sea el primero en etiquetar este registro!
LEADER 01052cam a22002775a 4500
001 EIQ.libpla001721
008 731119s1974####mdua#####b####001#0#eng#d
005 20061211190435.0
245 0 0 |a Bergey's manual of determinative bacteriology /  |c R. E. Buchanan & N. E. Gibbons, co-editors. With contributions from 128 colleagues. 
246 1 0 |a Manual of determinative bacteriology. 
250 |a 8th ed. 
260 |a Baltimore :  |b Williams & Wilkins Co.,  |c c1974. 
300 |a xxvi, 1246 p. :  |b il. ;  |c 26 cm. 
504 |a Bibliografía: p. 966-1097. 
020 |a 0683011170 
700 1 |a Bergey, D. H.  |q (David Hendricks),  |d 1860-1937. 
700 1 |a Buchanan, Robert Earle,  |d 1883-  |e ed.  |4 edt 
700 1 |a Gibbons, Norman Edwin,  |d 1906-  |e ed.  |4 edt 
082 0 0 |a 589.9/001/2 
650 4 |a Bacteria  |v Clasificación. 
650 4 |a Bacteriología  |v Terminología. 
650 2 |a Bacteriology  |x Terminology. 
650 0 |a Bacteria  |v Classification. 
010 |a  73020173  
040 |a DLC  |c DLC  |d AR-BbSID 
859 |a AR-BbSID  |b BIB. PLAPIQUI  |h 589.900 12  |i B 453  |k R  |p 2800